01026nam a2200253 a 4500003000900000005001700009007000300026008004100029020001800070040002500088082001400113100002500127245008600152260005900238300003700297490004100334500007500375500006800450651005400518651005000572700003800622710006600660830004600726DO-SdBNP20250623120209.0ta220613e2018 dr ao||gr|||| 001 0dspa d a9789945910162 aDO-SdBNPbspacBNPHU 4222bG463s1 aGil, Orlando,d1949-10aSin escudo ni armadura. /cOrlando Gil; Editor, Juan Francisco Domínguez Novas. aSanto Domingo :bArchivo General de la Nación,c2018 a511 p. :bil. fotgraf. ;c27 cm. aArchivo General de la Nación;v332 aIncluye datos biográficos del autor en las solapas de las cubiertas. aFotografía de los principales políticos nacionales en 1998. 4aRepública DominicanaxVida social y costumbres 4aRepública Dominicana xCondiciones sociales1 aDomínguez Novas, Juan Francisco1 aRefinería Dominicana de Petróleo (República Dominicana) aArchivo General de la Nación lspan332